El país de los súmeros
I tiakina i:
| Kaituhi matua: | |
|---|---|
| Hōputu: | Pukapuka |
| Reo: | Pāniora |
| I whakaputaina: |
Buenos Aires
EUDEBA
1977
|
| Putanga: | 3a. ed |
| Rangatū: | Lectores de Eudeba, 67
|
| Ngā marau: | |
| Ngā Tūtohu: |
Tāpirihia he Tūtohu
Kāore He Tūtohu, Me noho koe te mea tuatahi ki te tūtohu i tēnei pūkete!
|
MARC
| LEADER | 00000nam a2200000 a 4500 | ||
|---|---|---|---|
| 001 | UCP8796 | ||
| 003 | CL-VaPUC | ||
| 008 | 000310e19770000AG |||||||||||||||||spa|d | ||
| 082 | 0 | 4 | |a 935.02 |b SCH |2 21 |
| 100 | 0 | |a Schmökel, Hartmut |e author |9 439027 | |
| 245 | 1 | 3 | |a El país de los súmeros |
| 250 | |a 3a. ed | ||
| 300 | |a 261 p | ||
| 942 | |c BK | ||
| 945 | |d 20000310 00:00:00 |a rherrera | ||
| 260 | |a Buenos Aires |b EUDEBA |c 1977 | ||
| 650 | 0 | |a Historia antigua |9 267521 | |
| 650 | 0 | |a Civilizaciones antiguas |9 265998 | |
| 650 | 7 | |a CIVILIZACION SUMERIA |2 CL-VaPUC |9 438970 | |
| 650 | 0 | |a Arqueología |9 265619 | |
| 583 | |a last modification |c 20000310 00:00:00 |k Rodrigo Vera | ||
| 490 | 0 | |a Lectores de Eudeba, 67 | |
| 999 | |c 285682 |d 285680 | ||
| 952 | |0 0 |1 0 |4 0 |6 935_020000000000000_SCH_1977 |7 0 |8 A |9 330439 |a BIBHIS |b BIBHIS |d 2019-11-20 |i 1394584 |o 935.02 SCH 1977 |p 1394584 |r 2025-01-20 |w 2019-11-20 |y BK |k HIS | ||